[Event "I Festival Steinitz A"]
[Site "Roma ITA"]
[Date "2002.07.06"]
[Round "3"]
[White "Ljubisavljevic, Zivojin Z."]
[Black "Farina, Saverio"]
[Result "1-0"]
[WhiteElo "2275"]
[BlackElo "2104"]
[PlyCount "75"]
[EventDate "2002.07.05"]

1. e4 e6 2. d4 d5 3. Nc3 c5 4. Bb5+ Nc6 5. Nge2 Nf6 6. exd5 exd5 7. O-O Be7 8.
dxc5 O-O 9. Bg5 Be6 10. Bxc6 bxc6 11. b4 Qc7 12. Bf4 Qb7 13. Rb1 Rad8 14. Nd4
Ne4 15. Qd3 Nxc3 16. Qxc3 Bf6 17. Be3 Bf5 18. Rb3 Rfe8 19. a4 Bxd4 20. Bxd4 f6
21. b5 Re6 22. Qa5 Rde8 23. bxc6 Qxc6 24. Qxa7 Re1 25. h3 Rxf1+ 26. Kxf1 Bxc2
27. Rb7 Qe6 28. Rxg7+ Kf8 29. Kg1 Re7 30. Rxe7 Qxe7 31. Qa8+ Kg7 32. c6 Qe1+
33. Kh2 Qe4 34. Qa7+ Kg6 35. c7 Qf5 36. Qc5 Be4 37. c8=Q Qg5 38. Qg8+ 1-0

[Event "I Festival Steinitz A"]
[Site "Roma ITA"]
[Date "2002.07.06"]
[Round "3"]
[White "Marinelli, Franco"]
[Black "Rocchetti, Marco"]
[Result "0-1"]
[WhiteElo "1327"]
[BlackElo "1624"]
[PlyCount "88"]
[EventDate "2002.07.05"]

1. d4 d6 2. c4 e5 3. dxe5 dxe5 4. Qxd8+ Kxd8 5. e3 c6 6. Be2 Be6 7. Nf3 f6 8.
O-O Kc7 9. b3 Nd7 10. Ba3 Bxa3 11. Nxa3 Ne7 12. Nc2 Bf5 13. Na3 Rad8 14. Nh4
Be6 15. Rfd1 Nc5 16. Rxd8 Rxd8 17. Rd1 Rxd1+ 18. Bxd1 Nd3 19. Nb1 Nb4 20. a3
Na6 21. Bc2 h6 22. Nc3 Nc5 23. e4 Bf7 24. Nf5 Nxf5 25. exf5 a6 26. Ne4 Nxe4 27.
Bxe4 Kd6 28. Kf1 Kc5 29. Ke2 Kd4 30. Bc2 Kc3 31. Kd1 b5 32. Kc1 a5 33. Bd1 bxc4
34. bxc4 Bxc4 35. Ba4 c5 36. Bd1 Bb3 37. Be2 Bd5 38. f3 Kb3 39. Kd2 Kxa3 40.
Kc3 a4 41. Bd3 Bb3 42. Bb1 Bd1 43. Kd2 Kb2 44. Bd3 Bb3 0-1

[Event "I Festival Steinitz A"]
[Site "Roma ITA"]
[Date "2002.07.06"]
[Round "3"]
[White "Marino, Massimo"]
[Black "Vanzan, Alessandro"]
[Result "1-0"]
[WhiteElo "1966"]
[BlackElo "1558"]
[PlyCount "75"]
[EventDate "2002.07.05"]

1. e4 d6 2. d4 Nf6 3. Bd3 g6 4. Ne2 Bg7 5. Nd2 O-O 6. O-O Nbd7 7. c3 b6 8. a4
Bb7 9. a5 bxa5 10. Ng3 c5 11. Nc4 d5 12. Nxa5 Qc7 13. e5 Ne4 14. Bxe4 dxe4 15.
Re1 Rfd8 16. Nxb7 Qxb7 17. Rxe4 Nxe5 18. Qe2 cxd4 19. Rxe5 d3 20. Qe4 d2 21.
Bxd2 Qxe4 22. Rxe4 Rxd2 23. Rb4 a5 24. Rb7 e6 25. h3 Be5 26. Ne4 Re2 27. Ng5
Rf8 28. Rf1 Rc2 29. g3 h6 30. Nf3 Bf6 31. Rd1 a4 32. Ne1 Rxb2 33. Rxb2 Bxc3 34.
Ra2 Ra8 35. Rd3 Bb4 36. Rd4 Bc3 37. Rdxa4 Rd8 38. Ra8 1-0

[Event "I Festival Steinitz A"]
[Site "Roma ITA"]
[Date "2002.07.06"]
[Round "3"]
[White "Marta, Daniele"]
[Black "Maddaloni, Giovanni"]
[Result "1-0"]
[WhiteElo "2014"]
[BlackElo "1547"]
[PlyCount "99"]
[EventDate "2002.07.05"]

1. d4 d5 2. c4 Bf5 3. Nc3 e6 4. Nf3 Nc6 5. cxd5 exd5 6. Bf4 Bd6 7. Nxd5 Bxf4 8.
Nxf4 Qd6 9. e3 O-O-O 10. Bd3 Nh6 11. O-O f6 12. Bxf5+ Nxf5 13. Qc2 Qd7 14. Qb3
Rhe8 15. Nd3 b6 16. Nb4 Na5 17. Qc3 Nd6 18. Rac1 Nb5 19. Qd3 Kb7 20. a4 c5 21.
dxc5 Qxd3 22. Nxd3 Rxd3 23. axb5 bxc5 24. Rxc5 Kb6 25. Rh5 Nb3 26. Rxh7 Re7 27.
h4 Kxb5 28. h5 Rdd7 29. h6 gxh6 30. Rxh6 Nd2 31. Nd4+ Rxd4 32. exd4 Nxf1 33.
Kxf1 Kc4 34. Rxf6 Kxd4 35. Rf3 Rh7 36. Ke2 Rb7 37. b3 Rc7 38. Kd2 Rg7 39. g3
Kc5 40. Kc3 a5 41. Rf5+ Kb6 42. Kd4 Rd7+ 43. Rd5 Rf7 44. f4 Rh7 45. Ke4 Rh1 46.
f5 Re1+ 47. Kf4 Rf1+ 48. Kg5 Rf3 49. g4 Rxb3 50. f6 1-0

[Event "I Festival Steinitz A"]
[Site "Roma ITA"]
[Date "2002.07.06"]
[Round "3"]
[White "Martines, Rosario"]
[Black "Damia, Angelo"]
[Result "0-1"]
[WhiteElo "1266"]
[BlackElo "1888"]
[PlyCount "36"]
[EventDate "2002.07.05"]

1. e4 c5 2. Nf3 a6 3. d4 cxd4 4. Nxd4 Nf6 5. Nc3 e5 6. Nf3 Bb4 7. Bd2 Bxc3 8.
Bxc3 Nxe4 9. Bxe5 Qe7 10. Qe2 O-O 11. O-O-O f5 12. Qc4+ Qe6 13. Qxe6+ dxe6 14.
Bd3 Nxf2 15. Bd6 Rd8 16. Be2 Nxh1 17. Ne5 Nf2 18. Bc4 Nxd1 0-1

[Event "I Festival Steinitz A"]
[Site "Roma ITA"]
[Date "2002.07.06"]
[Round "3"]
[White "Mrdja, Milan"]
[Black "Braschi, Giancarlo"]
[Result "1-0"]
[WhiteElo "2370"]
[BlackElo "2124"]
[PlyCount "99"]
[EventDate "2002.07.05"]

1. e4 c5 2. Nf3 Nc6 3. Bb5 g6 4. Bxc6 dxc6 5. h3 Bg7 6. d3 Nf6 7. Nc3 Nd7 8.
Be3 e5 9. Qd2 Qe7 10. Bh6 O-O 11. O-O-O Rd8 12. Bxg7 Kxg7 13. g4 h6 14. Ne2 Kh7
15. Rdf1 b6 16. Qe3 Nf8 17. Kb1 Ba6 18. Nd2 Ne6 19. f4 exf4 20. Nxf4 Rd7 21. h4
Rad8 22. e5 Kg7 23. b3 Re8 24. Ne4 Nxf4 25. Qxf4 Rd4 26. Qf3 Rf8 27. g5 h5 28.
Qf6+ Qxf6 29. Nxf6 Bc8 30. Rh2 Bf5 31. Nxh5+ Kh8 32. Nf6 Kg7 33. Kb2 Rfd8 34.
h5 b5 35. h6+ Kh8 36. Rff2 a5 37. Re2 Rb8 38. Rhf2 Be6 39. Re4 Rdd8 40. Ref4
Rb7 41. Ne4 Bf5 42. Nxc5 Rbb8 43. d4 Rd5 44. a3 Rbd8 45. c3 Rb8 46. Ne4 b4 47.
Nd6 bxa3+ 48. Kxa3 a4 49. b4 c5 50. dxc5 1-0

[Event "I Festival Steinitz A"]
[Site "Roma ITA"]
[Date "2002.07.06"]
[Round "3"]
[White "Offidani, Marco"]
[Black "D'Andrea, Carlo"]
[Result "0-1"]
[WhiteElo "1500"]
[BlackElo "1696"]
[PlyCount "57"]
[EventDate "2002.07.05"]

1. d4 Nf6 2. Nf3 c5 3. d5 e6 4. c4 d6 5. Nc3 exd5 6. cxd5 g6 7. e4 Bg7 8. Bb5+
Nbd7 9. Bf4 a6 10. Bxd7+ Qxd7 11. e5 Nh5 12. Bg3 Nxg3 13. fxg3 dxe5 14. O-O O-O
15. Qd2 b5 16. Ne4 Qa7 17. Rad1 Bb7 18. Nd6 Rad8 19. Nxb7 Qxb7 20. d6 e4 21.
Ng5 Bd4+ 22. Kh1 e3 23. Qe2 Rxd6 24. Qg4 Qe7 25. Qh4 f6 26. Ne4 e2 27. Nxd6
Qxd6 28. Qe4 exf1=Q+ 29. Rxf1 0-1

[Event "I Festival Steinitz A"]
[Site "Roma ITA"]
[Date "2002.07.06"]
[Round "3"]
[White "Passerotti, Pierluigi"]
[Black "Campomori, Bruno"]
[Result "1-0"]
[WhiteElo "2284"]
[BlackElo "1832"]
[PlyCount "51"]
[EventDate "2002.07.05"]

1. d4 d5 2. c4 e6 3. Nf3 Nf6 4. Nc3 c6 5. Bg5 Nbd7 6. e3 Qb6 7. Qc2 Bb4 8. Bd3
dxc4 9. Bxc4 O-O 10. O-O h6 11. Bh4 Nd5 12. a3 Bd6 13. Na4 Qc7 14. Rac1 Re8 15.
e4 Nf4 16. e5 Bf8 17. Ba2 b5 18. Nc3 Qb8 19. Bb1 g6 20. Ne4 Bb7 21. Rfe1 a5 22.
h3 Rc8 23. Nc5 Nb6 24. Re4 Nh5 25. Rg4 Bxc5 26. Rxg6+ 1-0

[Event "I Festival Steinitz A"]
[Site "Roma ITA"]
[Date "2002.07.06"]
[Round "3"]
[White "Quaglia, Ferdinando"]
[Black "Gagliardi, Gaetano"]
[Result "0-1"]
[WhiteElo "1580"]
[BlackElo "1767"]
[PlyCount "136"]
[EventDate "2002.07.05"]

1. d4 Nf6 2. c4 c5 3. d5 b5 4. cxb5 a6 5. e3 axb5 6. Bxb5 Qa5+ 7. Nc3 g6 8. a4
Bg7 9. Bd2 O-O 10. Ne4 Qb6 11. Nxf6+ Bxf6 12. Bc3 Na6 13. Ne2 Nc7 14. Bxf6 Qxf6
15. Nc3 d6 16. O-O Rb8 17. Qd2 Nxb5 18. axb5 Bd7 19. Ra5 Rb7 20. Rfa1 Rfb8 21.
Qe2 h5 22. Ra8 Rxa8 23. Rxa8+ Kg7 24. f3 Qe5 25. e4 Qd4+ 26. Kf1 Qb4 27. Kf2
Bxb5 28. Nxb5 Qxb5 29. Qxb5 Rxb5 30. Ra2 g5 31. Ke3 Rb3+ 32. Kd2 g4 33. fxg4
hxg4 34. Kc2 Re3 35. Kd2 Rxe4 36. b3 Rd4+ 37. Kc3 Rxd5 38. Ra4 f5 39. h3 gxh3
40. gxh3 Kf6 41. h4 Rd1 42. Kc2 Rh1 43. Rc4 Ke5 44. b4 cxb4 45. Rxb4 f4 46. Rb7
Kf6 47. Kd3 Rxh4 48. Ke4 e6 49. Rb6 d5+ 50. Kf3 Rh5 51. Rb8 Rh3+ 52. Kg2 Rc3
53. Rb4 e5 54. Rb5 d4 55. Kf2 Kf5 56. Rb1 Rc2+ 57. Ke1 Ke4 58. Kf1 d3 59. Re1+
Kd4 60. Ra1 e4 61. Ke1 Rh2 62. Ra4+ Ke3 63. Kf1 Kf3 64. Kg1 Rb2 65. Ra1 e3 66.
Kh1 Kg3 67. Rg1+ Kf3 68. Ra1 e2 0-1

[Event "I Festival Steinitz A"]
[Site "Roma ITA"]
[Date "2002.07.06"]
[Round "3"]
[White "Raccah, Ascer"]
[Black "Rotondi, Silverio"]
[Result "1-0"]
[WhiteElo "1504"]
[BlackElo "1600"]
[PlyCount "110"]
[EventDate "2002.07.05"]

1. e4 e5 2. Nf3 Nc6 3. Bc4 Nf6 4. O-O Bc5 5. c3 Nxe4 6. Bd5 Nf6 7. Bxc6 dxc6 8.
Nxe5 O-O 9. d4 Bd6 10. Bg5 c5 11. Nd2 cxd4 12. cxd4 Be6 13. f4 Be7 14. Bxf6
Bxf6 15. Ne4 Re8 16. Nxf6+ Qxf6 17. Qh5 Qf5 18. Qxf5 Bxf5 19. g4 Be6 20. f5 Bd5
21. b4 g6 22. Nd3 Bc4 23. Rfd1 Bxd3 24. Rxd3 Rad8 25. Rc1 c6 26. Kg2 Re4 27.
Kf3 Rexd4 28. Re3 Kf8 29. a3 Rd3 30. Rce1 b6 31. h3 c5 32. bxc5 bxc5 33. Rc1
Rxe3+ 34. Kxe3 Rc8 35. Rc4 Ke7 36. Kd3 Kd6 37. Ra4 Rc7 38. Kc4 Ke5 39. Ra5 Kf4
40. Rb5 Kg3 41. Rb3+ Kh4 42. a4 h5 43. gxh5 Kxh5 44. a5 Kg5 45. a6 Kxf5 46. Rb7
Rc8 47. Rxf7+ Ke4 48. Rxa7 g5 49. Re7+ Kf3 50. a7 g4 51. Rb7 Ra8 52. Kxc5 Kg3
53. Rh7 Rf8 54. Rf7 Rxf7 55. a8=Q Kxh3 1-0

[Event "I Festival Steinitz A"]
[Site "Roma ITA"]
[Date "2002.07.06"]
[Round "3"]
[White "Rakotoson, Ratefy"]
[Black "Evangelisti, Claudio"]
[Result "0-1"]
[WhiteElo "1536"]
[BlackElo "2240"]
[PlyCount "84"]
[EventDate "2002.07.05"]

1. e4 e5 2. Nf3 Nc6 3. Bb5 a6 4. Ba4 Nf6 5. O-O Be7 6. Re1 b5 7. Bb3 d6 8. c3
O-O 9. h3 Nb8 10. d4 Nbd7 11. Bg5 Bb7 12. Nbd2 Re8 13. Bh4 h6 14. Bg3 Bf8 15.
Qc2 c5 16. dxc5 dxc5 17. Qb1 c4 18. Bc2 Qc7 19. Nf1 Nc5 20. N1h2 Nh5 21. Nf1
Nxg3 22. Nxg3 g6 23. Qd1 Rad8 24. Qe2 Rd7 25. Rad1 Red8 26. Rxd7 Rxd7 27. Rd1
Bg7 28. Rxd7 Qxd7 29. Qe3 Qd6 30. Ne1 a5 31. f3 Ba6 32. a3 a4 33. Ne2 Bc8 34.
g4 Kh7 35. h4 Bf6 36. h5 Bg5 37. hxg6+ fxg6 38. Qf2 Qd2 39. Kf1 Nd3 40. Bxd3
cxd3 41. Qa7+ Kg8 42. Ng3 Be3 0-1

[Event "I Festival Steinitz A"]
[Site "Roma ITA"]
[Date "2002.07.06"]
[Round "3"]
[White "Riondino, Michele"]
[Black "Quimi, Marco"]
[Result "0-1"]
[WhiteElo "1874"]
[BlackElo "2205"]
[PlyCount "78"]
[EventDate "2002.07.05"]

1. e4 c5 2. Nc3 Nc6 3. g3 g6 4. Bg2 Bg7 5. d3 b6 6. f4 e6 7. Nf3 Nge7 8. O-O
O-O 9. Be3 Nd4 10. Qd2 Bb7 11. Rae1 d5 12. exd5 Nxd5 13. Bf2 Nxc3 14. Nxd4 Bxg2
15. Kxg2 Nxa2 16. Ne2 Nb4 17. Rd1 Qd5+ 18. Kg1 Rfd8 19. Nc3 Qc6 20. Qe2 Rd7 21.
Be3 Rad8 22. h4 h5 23. Bc1 Bd4+ 24. Kh2 Qb7 25. Rde1 Bg7 26. Rg1 Nc6 27. Ref1
Nd4 28. Qf2 Nf5 29. Ne2 c4 30. dxc4 Qe4 31. Qf3 Qxc4 32. g4 hxg4 33. Rxg4 Rd2
34. Bxd2 Rxd2 35. Rg2 Nxh4 36. Qa8+ Bf8 37. Rh1 Rxe2 38. Rxe2 Qxe2+ 39. Kg3
Nf5+ 0-1

[Event "I Festival Steinitz A"]
[Site "Roma ITA"]
[Date "2002.07.06"]
[Round "3"]
[White "Romano, Ugo"]
[Black "Romagnoli, Moreno"]
[Result "1/2-1/2"]
[WhiteElo "1476"]
[BlackElo "1582"]
[PlyCount "82"]
[EventDate "2002.07.05"]

1. Nf3 Nf6 2. g3 d5 3. Bg2 Bg4 4. O-O Bxf3 5. Bxf3 e5 6. d3 h6 7. Nd2 Bc5 8. e4
d4 9. Bg2 Nc6 10. Kh1 Qd7 11. f4 O-O-O 12. fxe5 Nxe5 13. Nf3 Nxf3 14. Qxf3 Rhf8
15. Bxh6 gxh6 16. Qxf6 Rde8 17. Qxh6 Rh8 18. Qf4 Rh7 19. e5 Reh8 20. h4 Be7 21.
Qf5 Qxf5 22. Rxf5 Rg8 23. Rf3 Bg5 24. Kg1 Be3+ 25. Kf1 Rhg7 26. Bh3+ Kd8 27. g4
Ke7 28. Ke2 Rh8 29. h5 Rg5 30. Raf1 Rxe5 31. Rxf7+ Kd8 32. Rf8+ Rxf8 33. Rxf8+
Ke7 34. Rf5 Rxf5 35. gxf5 Kf6 36. Bg4 Bc1 37. b3 a5 38. Kf3 Ke5 39. Bh3 b5 40.
Kg4 b4 41. Bg2 Be3 1/2-1/2

[Event "I Festival Steinitz A"]
[Site "Roma ITA"]
[Date "2002.07.06"]
[Round "3"]
[White "Rossi, Aldo A."]
[Black "Cardinali, Egidio"]
[Result "1-0"]
[WhiteElo "1713"]
[BlackElo "1546"]
[PlyCount "101"]
[EventDate "2002.07.05"]

1. d4 Nf6 2. Nf3 e6 3. e3 c5 4. Bd3 d5 5. c3 cxd4 6. exd4 Be7 7. Ne5 Nbd7 8. f4
Ne4 9. O-O Ndf6 10. Nd2 h5 11. Qa4+ Kf8 12. Ndf3 Bd7 13. Qb3 Qc8 14. Qc2 Bc6
15. Ng5 Nd6 16. f5 Bd7 17. Nxd7+ Qxd7 18. fxe6 fxe6 19. Qe2 Nf7 20. Qxe6 Qxe6
21. Nxe6+ Kg8 22. Bg6 Nd6 23. Bg5 h4 24. Rae1 Nde4 25. Bxe4 dxe4 26. Bxf6 Bxf6
27. Rxe4 Rh5 28. Nc5 h3 29. g4 Rd5 30. Rf5 Rad8 31. Ref4 Bh4 32. Nd3 Bg5 33.
Rxd5 Rxd5 34. Rf5 Be3+ 35. Kf1 Rd6 36. Rf3 Bg5 37. Rxh3 Rf6+ 38. Kg2 Re6 39.
Ne5 Bf4 40. Rf3 Bc1 41. Rf2 g5 42. Nd7 Bf4 43. Nc5 Re7 44. Nb3 Rh7 45. h3 Re7
46. Nc5 Re3 47. Nxb7 Rg3+ 48. Kf1 Be3 49. Rg2 Rxh3 50. Nd6 Rh1+ 51. Ke2 1-0

[Event "I Festival Steinitz A"]
[Site "Roma ITA"]
[Date "2002.07.06"]
[Round "3"]
[White "Sacchini, Marco"]
[Black "Caprioli, Fabrizio"]
[Result "1-0"]
[WhiteElo "2047"]
[BlackElo "1566"]
[PlyCount "79"]
[EventDate "2002.07.05"]

1. d4 Nf6 2. c4 g6 3. Nc3 Bg7 4. e4 d6 5. Nf3 O-O 6. h3 e5 7. d5 a5 8. Be3 c5
9. Be2 Bd7 10. Nd2 Ne8 11. g4 Na6 12. h4 h6 13. Nf1 f6 14. Ng3 g5 15. Nf5 Bxf5
16. gxf5 Kf7 17. Qa4 Nb8 18. Bh5+ Ke7 19. Bg6 Qd7 20. Qc2 Na6 21. a3 Nac7 22.
Kd2 b5 23. b4 cxb4 24. axb4 bxc4 25. bxa5 Nb5 26. Nxb5 Qxb5 27. Rhb1 Qd7 28. a6
Nc7 29. Rb7 Rfb8 30. Qxc4 Rxb7 31. axb7 Rb8 32. Qc6 Nb5 33. Ra8 Qxb7 34. Qxb7+
Rxb7 35. Re8+ Kd7 36. Rg8 gxh4 37. Rxg7+ Kc8 38. Rg8+ Kc7 39. Rh8 h3 40. Rxh6
1-0

[Event "I Festival Steinitz A"]
[Site "Roma ITA"]
[Date "2002.07.06"]
[Round "3"]
[White "Scacco, Mauro"]
[Black "Voiska, Margarita"]
[Result "0-1"]
[WhiteElo "2070"]
[BlackElo "2356"]
[PlyCount "102"]
[EventDate "2002.07.05"]

1. e4 d6 2. d4 g6 3. Nc3 Bg7 4. h3 a6 5. Nf3 Nd7 6. Bc4 e6 7. O-O Ne7 8. Bg5 h6
9. Be3 O-O 10. Qd2 Kh7 11. Rad1 b5 12. Bd3 Bb7 13. Nh2 f5 14. f3 Nf6 15. a3 Rc8
16. b4 Qd7 17. Rfe1 Rce8 18. Bf2 Nc8 19. d5 fxe4 20. fxe4 e5 21. Be2 Nb6 22.
Rf1 Na4 23. Ng4 Nxc3 24. Nxf6+ Rxf6 25. Qxc3 c6 26. Bg4 Qc7 27. Bh4 Rf4 28.
dxc6 Bxc6 29. Rxf4 exf4 30. Bf6 Rxe4 31. Bxg7 Rc4 32. Qf6 Qxg7 33. Rxd6 Qxf6
34. Rxf6 Rxc2 35. Rf7+ Kg8 36. Rxf4 Rxg2+ 37. Kf1 Rc2 38. Rf6 Kg7 39. Rd6 h5
40. Bd7 Bxd7 41. Rxd7+ Kh6 42. Rd6 Rc3 43. Rxa6 Rxh3 44. Ra5 h4 45. Rxb5 Rxa3
46. Kg2 Rb3 47. Rb8 Kh5 48. b5 g5 49. b6 Kg4 50. b7 Rb2+ 51. Kf1 h3 0-1

[Event "I Festival Steinitz A"]
[Site "Roma ITA"]
[Date "2002.07.06"]
[Round "3"]
[White "Simeoni, Matteo"]
[Black "Gorini, Tommaso"]
[Result "1-0"]
[WhiteElo "2048"]
[BlackElo "1600"]
[PlyCount "117"]
[EventDate "2002.07.05"]

1. e4 Nf6 2. e5 Nd5 3. d4 d6 4. Nf3 g6 5. Ng5 dxe5 6. dxe5 Nc6 7. Bb5 Bg7 8. c4
Ndb4 9. Qxd8+ Kxd8 10. Bxc6 bxc6 11. Na3 Ke8 12. f4 f6 13. exf6 exf6 14. Nf3
Nd3+ 15. Ke2 Nxc1+ 16. Raxc1 Kf7 17. h3 Re8+ 18. Kf2 f5 19. Rc2 Rb8 20. b3 Ba6
21. Rd2 Re7 22. Rhd1 Rbe8 23. Rd7 Rxd7 24. Rxd7+ Re7 25. Ng5+ Ke8 26. Rxe7+
Kxe7 27. Nxh7 c5 28. Nc2 Bb7 29. Ng5 Bf6 30. Ne3 Bxg5 31. fxg5 Be4 32. Kg3 c6
33. Kf4 Bb1 34. a3 Ke6 35. h4 a5 36. g4 fxg4 37. Nxg4 Bc2 38. Ne5 Kd6 39. h5
gxh5 40. g6 Bxg6 41. Nxg6 Kc7 42. Ne5 Kb6 43. Nd7+ Ka6 44. Nxc5+ Kb6 45. b4
axb4 46. axb4 Kc7 47. Ne4 h4 48. Kg4 Kd7 49. Nf2 Ke6 50. Nd3 h3 51. Kxh3 Kf5
52. Kg3 Ke4 53. c5 Kxd3 54. b5 cxb5 55. c6 b4 56. c7 b3 57. c8=Q b2 58. Qf5+
Kd2 59. Qb1 1-0

[Event "I Festival Steinitz A"]
[Site "Roma ITA"]
[Date "2002.07.06"]
[Round "3"]
[White "Sindoni, Antonio"]
[Black "Serrano, Pasquale"]
[Result "1-0"]
[WhiteElo "1533"]
[BlackElo "1434"]
[PlyCount "65"]
[EventDate "2002.07.05"]

1. e4 d6 2. d4 Nf6 3. Nc3 g6 4. Bg5 Bg7 5. f4 O-O 6. Nf3 Bg4 7. Be2 c6 8. O-O
Nbd7 9. e5 Ne8 10. h3 Bxf3 11. Bxf3 dxe5 12. dxe5 Nc7 13. Bg4 Ne6 14. Bxe6 fxe6
15. Qg4 Rf5 16. Kh1 Qf8 17. Rfe1 h6 18. Bxh6 Bxh6 19. Qxg6+ Kh8 20. Qxe6 Nb6
21. g3 Rd8 22. Rad1 Rxd1 23. Rxd1 Kh7 24. Ne4 Bxf4 25. Nf6+ Rxf6 26. exf6 Bd6
27. f7 Kg7 28. Rf1 Nd5 29. Rf5 Nf6 30. Rg5+ Kh6 31. h4 Kh7 32. Qf5+ Kh8 33. Qg6
1-0

[Event "I Festival Steinitz A"]
[Site "Roma ITA"]
[Date "2002.07.06"]
[Round "3"]
[White "Soncini, Stefano"]
[Black "Turturici, Pellegrino"]
[Result "0-1"]
[WhiteElo "1569"]
[BlackElo "1746"]
[PlyCount "66"]
[EventDate "2002.07.05"]

1. e4 d6 2. d4 Nf6 3. Nc3 g6 4. Nf3 Bg7 5. h3 O-O 6. Bc4 c6 7. a4 e5 8. dxe5
dxe5 9. Qxd8 Rxd8 10. Nxe5 Rf8 11. Bf4 Be6 12. Bxe6 fxe6 13. Bh2 Na6 14. O-O-O
Nc5 15. f3 Nh5 16. Nd7 Nxd7 17. Rxd7 Nf4 18. Bxf4 Rxf4 19. Rhd1 Rb8 20. Re7 Bh6
21. Kb1 Rf7 22. Rdd7 Rxe7 23. Rxe7 Bf4 24. Rxe6 Kf7 25. Ne2 Kxe6 26. Nxf4+ Ke5
27. Nd3+ Kd4 28. Kc1 b5 29. b3 bxa4 30. Kd2 axb3 31. cxb3 Rxb3 32. Nf4 Rb2+ 33.
Kd1 Ke3 0-1

[Event "I Festival Steinitz A"]
[Site "Roma ITA"]
[Date "2002.07.06"]
[Round "3"]
[White "Taloni, Silvio"]
[Black "Vittimberga, Valeria"]
[Result "1-0"]
[WhiteElo "1543"]
[BlackElo "1482"]
[PlyCount "77"]
[EventDate "2002.07.05"]

1. d4 f5 2. Nf3 Nf6 3. e3 g6 4. Bd3 Bg7 5. Nbd2 O-O 6. e4 d6 7. exf5 gxf5 8.
Nf1 Nc6 9. Ng3 Nd5 10. c3 Qe8 11. O-O f4 12. Ne4 Bg4 13. Qe2 e5 14. Ned2 exd4
15. Bxh7+ Kh8 16. Qd3 Nf6 17. Bg6 Qd7 18. Nxd4 Nxd4 19. Qxd4 Bf5 20. Bxf5 Qxf5
21. Nf3 Nh5 22. Qd1 Qg6 23. Re1 Rg8 24. Nh4 Qg5 25. g3 Be5 26. Nf3 Qf5 27. Nxe5
dxe5 28. Qd5 Rae8 29. Qe4 Qf6 30. Qf3 Qg5 31. Kg2 Re7 32. h3 fxg3 33. Bxg5 Rxg5
34. Qf8+ Rg8 35. Qxe7 gxf2+ 36. Kxf2 Rg7 37. Qe8+ Kh7 38. Qxh5+ Kg8 39. Rxe5
1-0

[Event "I Festival Steinitz A"]
[Site "Roma ITA"]
[Date "2002.07.06"]
[Round "3"]
[White "Tamburrini, Andrea"]
[Black "De Angelis, Massimo"]
[Result "0-1"]
[WhiteElo "1377"]
[BlackElo "1534"]
[PlyCount "124"]
[EventDate "2002.07.05"]

1. e4 e6 2. d4 d5 3. exd5 exd5 4. Nf3 Nf6 5. h3 Be7 6. Be2 O-O 7. O-O Nc6 8. c4
Be6 9. cxd5 Nxd5 10. Nc3 Bf6 11. Be3 Nxe3 12. fxe3 Re8 13. Re1 Bf5 14. Bd3 Bxd3
15. Qxd3 Nb4 16. Qd2 Nd5 17. Rad1 Nxc3 18. Qxc3 Rc8 19. e4 c6 20. Kh1 Bh4 21.
Nxh4 Qxh4 22. Qf3 Re7 23. e5 Rd8 24. Re4 Qh6 25. Rg4 Re6 26. Rf1 Rf8 27. Qe4
Rg6 28. Rgf4 Qg5 29. e6 Rxe6 30. Qxe6 Qxf4 31. Qc4 Qd6 32. Rf5 g6 33. Qc5 Qxc5
34. Rxc5 Rd8 35. Ra5 a6 36. Ra4 f6 37. Rb4 Rd7 38. Kg1 Kf7 39. Kf2 Re7 40. Rb3
Ke8 41. Rf3 f5 42. Rf4 Kf7 43. g4 Kf6 44. h4 h6 45. b3 g5 46. Rxf5+ Kg6 47. h5+
Kg7 48. Re5 Rxe5 49. dxe5 Kf7 50. Ke3 Ke6 51. Ke4 c5 52. a3 b5 53. b4 c4 54.
Kd4 c3 55. Kxc3 Kxe5 56. Kd3 Kd5 57. Ke3 Ke5 58. Kd3 Kf4 59. Kd4 Kxg4 60. Kc5
Kxh5 61. Kb6 g4 62. Kxa6 g3 0-1

[Event "I Festival Steinitz A"]
[Site "Roma ITA"]
[Date "2002.07.06"]
[Round "3"]
[White "Togni, Giampiero"]
[Black "Benocci, Umiliano"]
[Result "0-1"]
[WhiteElo "1689"]
[BlackElo "1492"]
[PlyCount "135"]
[EventDate "2002.07.05"]

1. d4 e6 2. c4 d5 3. Nc3 dxc4 4. Qa4+ Nc6 5. Nf3 Bd7 6. Qxc4 a6 7. Bg5 f6 8.
Bf4 Bd6 9. Bxd6 cxd6 10. d5 b5 11. Qe4 f5 12. Qc2 Nb4 13. Qb3 Nxd5 14. Nxd5
exd5 15. Qxd5 Qa5+ 16. Qd2 Qxd2+ 17. Kxd2 Nf6 18. e3 Ne4+ 19. Ke1 Rc8 20. Bd3
Nc5 21. Bc2 Ke7 22. Nd4 g6 23. Kd2 Kf6 24. Rac1 Rhe8 25. Rhd1 Nb7 26. Ne2 Bc6
27. f3 Re5 28. Ng3 Rd5+ 29. Ke1 Rxd1+ 30. Bxd1 Nc5 31. Kd2 Ne6 32. Bb3 Nc5 33.
Bc2 a5 34. e4 fxe4 35. Nxe4+ Bxe4 36. fxe4 Re8 37. Rf1+ Ke7 38. Ke3 Ne6 39. Bd3
Rb8 40. Rf2 b4 41. Bc4 Rf8 42. Rxf8 Nxf8 43. Kd4 Ne6+ 44. Ke3 Kf6 45. g3 Ke5
46. b3 Ng5 47. Bd5 h6 48. Bc6 Nh7 49. Be8 g5 50. h3 Nf6 51. Bc6 Nh5 52. Kf3 Nf6
53. Ke3 Nh5 54. Kf2 Nf6 55. Kf3 Kd4 56. h4 Ke5 57. hxg5 hxg5 58. Bb7 Kd4 59.
Bc6 Ke5 60. Ke3 Ng4+ 61. Kf3 Nf6 62. Bb7 Kd4 63. Bc6 Kc3 64. Ke2 Kb2 65. Kd3
Kxa2 66. Ba4 Ka3 67. Ke3 Kb2 68. Kd4 0-1

[Event "I Festival Steinitz A"]
[Site "Roma ITA"]
[Date "2002.07.06"]
[Round "3"]
[White "Tosoni, Augusto"]
[Black "Tomescu, Vlad"]
[Result "1-0"]
[WhiteElo "2174"]
[BlackElo "2438"]
[PlyCount "127"]
[EventDate "2002.07.05"]

1. e4 Nc6 2. d4 d5 3. Nc3 dxe4 4. d5 Nb8 5. Nxe4 e5 6. c4 f5 7. Nc3 Nf6 8. Nf3
e4 9. Nd4 c5 10. dxc6 Nxc6 11. Be3 f4 12. Nxc6 Qxd1+ 13. Rxd1 fxe3 14. Nd4
exf2+ 15. Kxf2 Be7 16. Be2 O-O 17. Ke3 Ng4+ 18. Bxg4 Bxg4 19. Rdf1 Rfe8 20. h4
h5 21. Rf4 g5 22. Rxe4 gxh4 23. Kd3 Rad8 24. Nd5 Bg5 25. Rhe1 Rxe4 26. Rxe4 Kf7
27. Re5 Kg6 28. Ne6 Bxe6 29. Rxe6+ Kf5 30. Re4 b6 31. b3 Rd7 32. Re8 Rd8 33.
Re4 Rd7 34. Kd4 Bf6+ 35. Ke3 Bg5+ 36. Kf3 Rf7 37. a4 Kg6+ 38. Ke2 Kf5 39. Re8
Rg7 40. Kf3 Bd2 41. b4 Rg4 42. c5 bxc5 43. bxc5 Rc4 44. c6 Bf4 45. Rf8+ Ke5 46.
Rxf4 Rxc6 47. Ne3 Rg6 48. Rxh4 Rg5 49. Rb4 Kd6 50. Rb7 a5 51. Rb6+ Kc7 52. Ra6
Kb7 53. Rf6 h4 54. Rh6 Rg3+ 55. Kf2 Rg5 56. Rxh4 Kc6 57. Rc4+ Kd6 58. g4 Rg8
59. Rd4+ Kc5 60. Rc4+ Kd6 61. Kf3 Rf8+ 62. Nf5+ Kd5 63. Rc7 Ra8 64. Rb7 1-0

[Event "I Festival Steinitz A"]
[Site "Roma ITA"]
[Date "2002.07.07"]
[Round "4"]
[White "Basile, Aldo"]
[Black "Abuhamdieh, Arafat"]
[Result "1-0"]
[WhiteElo "1289"]
[BlackElo "1552"]
[PlyCount "92"]
[EventDate "2002.07.05"]

1. e4 e5 2. Nc3 Nc6 3. g3 Be7 4. Bg2 d6 5. Nge2 Nf6 6. O-O O-O 7. f4 Bg4 8. h3
Bd7 9. f5 Qc8 10. d3 g6 11. g4 Kg7 12. Qe1 Rh8 13. g5 Nxe4 14. dxe4 gxf5 15.
exf5 Bxf5 16. Qf2 Bg6 17. Kh2 Rf8 18. Nd5 Bd8 19. h4 Qg4 20. Bf3 Qc4 21. Nf6
Nb4 22. Bd2 Nxc2 23. Rac1 Qxa2 24. Bc3 Qc4 25. h5 Bd3 26. Bg4 Qa4 27. Bf5 Bxe2
28. Qxe2 Qh4+ 29. Kg1 Qg3+ 30. Qg2 Qxg2+ 31. Kxg2 Ne3+ 32. Kh3 Nxf1 33. Rxf1
Bxf6 34. gxf6+ Kxf6 35. Bxh7+ Ke7 36. Bf5 Rh8 37. Kh4 Rag8 38. Bg4 Rh6 39. Bd2
Rh7 40. h6 f6 41. Kh5 c5 42. Bf5 Rhh8 43. Bg6 d5 44. h7 Rd8 45. Bh6 Rb8 46. Bg7
46... Rhd8 {...} 1-0